000 00663nam a2200229 a 4500
001 47116
003 BD-RjUL
005 20211209054249.0
008 851018s1964 pk 000 0 eng
035 _a(BD-RjUL)47235
040 _aDLC
_cCarP
_dDLC
_dBD-RjUL
_beng
041 _aeng
082 _223
_bHAJ 1964
_a342
100 1 0 _a Hasan, Nurul.
_9143484
245 1 4 _aThe judiciary under the Constitution ;
260 _aKarachi :
_bS. G. N. Pub. House :
_c1964
300 _a49 p. ;
_c21 cm.
490 _aConstitutional law series-1
650 0 _aConstitutional and administrative law
_zPakistan.
_9143485
942 _2ddc
_cBK
999 _c47116
_d47116